[Event "Barranquilla Carnaval Cup"]
[Site "Barranquilla"]
[Date "2024.02.05"]
[Round "5"]
[White "Torres Orozco, Adrian de Jesus"]
[Black "Parrales, Jose David"]
[Result "1-0"]
[WhiteElo "1180"]
[BlackElo "1582"]
[PlyCount "91"]
[EventDate "2024.02.03"]
[EventType "swiss"]
[EventRounds "9"]
[EventCountry "COL"]
[SourceTitle "CB07_2024"]
[SourceDate "2024.02.14"]
[SourceVersion "1"]
[SourceVersionDate "2024.02.14"]
[SourceQuality "1"]

1. e4 e5 2. Nf3 Nf6 3. Nxe5 d6 4. Nf3 Nxe4 5. Nc3 Nf6 6. d4 d5 7. h3 Bb4 8. Bg5 Bxc3+ 9. bxc3 0-0 10. Be2 Nbd7 11. 0-0 c6 12. c4 dxc4 13. Bxc4 Nb6 14. Bd3 h6 15. Bh4 Nbd5 16. Qd2 b5 17. c4 bxc4 18. Bxc4 Bf5 19. Rfe1 g5 20. Nxg5 hxg5 21. Qxg5+ Bg6 22. Bxd5 Nxd5 23. Qxd8 Rfxd8 24. Bxd8 Rxd8 25. Rac1 Nb4 26. Rc4 Nd3 27. Re2 Nf4 28. Rb2 Be4 29. f3 Bd5 30. Ra4 Rd7 31. Rd2 Ne6 32. Kf2 Nc7 33. Rxa7 Kf8 34. h4 Ke7 35. a4 Kd6 36. g4 Rd8 37. g5 Rh8 38. Kg3 Ne8 39. Ra8 Kd7 40. Re2 Be6 41. f4 f6 42. a5 fxg5 43. fxg5 c5 44. Ra7+ Kd6 45. dxc5+ Kd5 46. Re7 1-0